A general algebraic semantics for deductive systems /
Guardado en:
| Autor Principal: | |
|---|---|
| Otros Autores: | |
| Formato: | Libro |
| Idioma: | English |
| Publicado: |
Barcelona :
Department of Logic, History and Philosophy of Science,
Feb. 14, 1993.
|
| Edición: | Preliminary version. |
| Etiquetas: |
Agregar Etiqueta
Sin Etiquetas, Sea el primero en etiquetar este registro!
|
| LEADER | 00657nam a2200169 a 4500 | ||
|---|---|---|---|
| 001 | MAT.inmabb005134 | ||
| 008 | 080902s1993####sp#######b####001#0#eng## | ||
| 005 | 20130312161040.0 | ||
| 245 | 1 | 2 | |a A general algebraic semantics for deductive systems / |c by Josep M. Font and Ramon Jansana. |
| 250 | |a Preliminary version. | ||
| 260 | |a Barcelona : |b Department of Logic, History and Philosophy of Science, |c Feb. 14, 1993. | ||
| 300 | |a iii, 98 p. ; |c 30 cm. | ||
| 504 | |a Incluye referencias bibliográficas (p. 89-94) e índice. | ||
| 100 | 1 | |a Font, Josep Maria, |d 1954- | |
| 700 | 1 | |a Jansana, Ramón. | |
| 084 | |a 03B22 (03Gxx) |2 msc2000 | ||
| 859 | |h 03 |i F677 |p A-6603 |b BIB. MATEMATICA | ||
